000 00551nam a2200217Ia 4500
003 OSt
005 20220926044713.0
006 a|||||r|||| 00| 0
007 ta
008 220923b |||||||| |||| 00| 0 eng d
037 _cGeneral Book
040 _aRTL
_cRTL
_beng
041 _2eng
_aeng
082 _aX:3M24xM70x, K0.1
100 _aLenin V. I.
_920291
245 0 _aCollected works Vol. 1
260 _c1960
300 _a546p.
_ccm.
942 _hX:3M24xM70x, K0.1
_cGB
_2CC
999 _c675569
_d675569